书目信息 |
| 题名: |
建筑给水排水工程
|
|
| 作者: | 陆燕勤 , 陈三明 , 曾鸿鹄 主编 ;张学洪 主审 | |
| 分册: | ||
| 出版信息: | 北京 中国建筑工业出版社 2009.07 |
|
| 页数: | 1光盘(DVD-ROM) | |
| 开本: | 12cm | |
| 丛书名: | 电子教程系列 | |
| 单 册: | ||
| 中图分类: | TU82 | |
| 科图分类: | ||
| 主题词: | 建筑--jian zhu--给水工程--排水工程--教材 | |
| 电子资源: | ||
| ISBN: | 978-7-89475-071-6 | |
| 000 | 01635nam 2200361 450 | |
| 001 | 012001000212 | |
| 005 | 20100510150857.78 | |
| 010 | @a978-7-89475-071-6@dCNY168.00 | |
| 019 | @a17277 | |
| 100 | @a20090911d2009 km y0chiy0121 eb | |
| 101 | 0 | @achi |
| 102 | @aCN@b110000 | |
| 110 | @abuu 0xx0 | |
| 135 | @aaiocg ---uuuuu | |
| 200 | 1 | @a建筑给水排水工程@Ajian zhu gei shui pai shui gong cheng@f曾鸿鹄, 陆燕勤, 陈三明主编@g张学洪主审 |
| 210 | @a北京@c中国建筑工业出版社@d2009.07 | |
| 215 | @a1光盘(DVD-ROM)@d12cm@e说明书(21页,19cm) | |
| 225 | 2 | @a电子教程系列@Adian zi jiao cheng xi lie |
| 230 | @a动画和图片 | |
| 304 | @a题名取自盘面标签 | |
| 327 | @a本课件获得第八届全国多媒体课件大赛一等奖 | |
| 330 | @a《建筑给水排水工程》电子教程正式出版了,本教程可与普通高等教育土建学科专业“十五”规划教材《建筑给水排水工程》配套教学使用。作为给水排水工程专业的必修课程,本课程不仅有较高的理论知识要求,更有较高的实践要求,是综合理论、设计、施工、监理一体的应用型课程。本教程采用了与教材配套图片279张,增加了实验教学、工程设计、疑难解析和在线测试等内容的动画78个,工程案例图纸22套、共400张。本教程注重工程应用的教学模式,强化理论教学和提高自学效率。 | |
| 461 | 0 | @12001 @a电子教程系列 |
| 606 | 0 | @a建筑@Ajian zhu@x给水工程@x排水工程@j教材 |
| 690 | @aTU82@v4 | |
| 699 | @aF20@b张莉英@c本课件获得第八届全国多媒体课件大赛一等奖 | |
| 701 | 0 | @a陆燕勤@Alu yan qin@4主编 |
| 701 | 0 | @a陈三明@Achen san ming@4主编 |
| 701 | 0 | @a曾鸿鹄@Azeng hong gu@4主编 |
| 702 | 0 | @a张学洪@Azhang xue hong@4主审 |
| 801 | 0 | @aCN@b中国建筑工业出版社@c20100510 |
| 856 | @ahttp://www.cabp.com.cn | |
| 905 | @aZUCC@dTU82@eZ024 | |
| 建筑给水排水工程/曾鸿鹄, 陆燕勤, 陈三明主编/张学洪主审.-北京:中国建筑工业出版社,2009.07.-动画和图片 |
| 1光盘(DVD-ROM);12cm+说明书(21页,19cm).-(电子教程系列) |
| 部分内容:本课件获得第八届全国多媒体课件大赛一等奖 |
| ISBN 978-7-89475-071-6:CNY168.00 |
| 《建筑给水排水工程》电子教程正式出版了,本教程可与普通高等教育土建学科专业“十五”规划教材《建筑给水排水工程》配套教学使用。作为给水排水工程专业的必修课程,本课程不仅有较高的理论知识要求,更有较高的实践要求,是综合理论、设计、施工、监理一体的应用型课程。本教程采用了与教材配套图片279张,增加了实验教学、工程设计、疑难解析和在线测试等内容的动画78个,工程案例图纸22套、共400张。本教程注重工程应用的教学模式,强化理论教学和提高自学效率。 |
| ● |
| 相关链接 |
|
|
|
正题名:建筑给水排水工程
索取号:TU82/Z024
 
预约/预借
| 序号 | 登录号 | 条形码 | 馆藏地/架位号 | 状态 | 备注 |